01471nam a22003617a 4500003000500000005001700005008004100022010001000063011001000073035001000083040000900093090001000102100005300112245015800165260004000323300003900363502011100402590003700513590004100550590004100591590004100632590004100673590004100714590004200755650004900797650002600846650003900872901000700911942001000918949003600928999001700964952012800981CHAP20220329140326.0971013s1982 r 00010 d a50444 a51416 a55566 cCHAP aTesis00aRodríguez de la Garza, Héctor Manuel.998432 aDeterminación de la eficiencia y costo de varios mateirales para impedir la evaporación de superficies de agua libre bajo condiciones de semidesierto aMonterrey, N. L. :bEl autor,c1982 a76 h.b: ilus. ; gráfs. ; tablas aTesis (Ing. Agr. en Producción Agropecurio) -- ITESM. División de Ciencias Agropecuarias y Marítimas aALEPHb10c20130110lUCH01h1325 aBATCH-UPDb10c20130110lUCH01h0242 aBATCH-UPDb10c20130110lUCH01h1738 aBATCH-UPDb10c20130409lUCH01h2309 aBATCH-UPDb10c20130410lUCH01h1406 aBATCH-UPDb10c20130914lUCH01h1334 aCONVERSIONb10c20130109lUCH01h132714aAgua para irrigacionxRegiones aridas.9244014aEvaporación.93896414aPlásticos en agricultura.989199 aBK cTESIS bBCcTESd-121826eTS1i55566si c50444d50444 00102local4051708TESISaBCbBCcPA_TESISd2012-12-17fTESISl0oTesisp-121826r2019-12-31 00:00:00w2019-12-31yTESIS